00741nam a22001937a 450000500170000000800410001702000220005808200300008010000330011024501270014326000710027030000170034150400250035854100330038365000380041665000310045470000300048570000320051520230520072320.0221114b |||||||| |||| 00| 0 eng d a978-971-9654-68-1 aFil. 647.940688 V433 2017 aVelasco, Evelyn O. eauthor  aBasic understanding to hospitality and tourism marketing with IMC /cEvelyn O. Velasco, Daryl A. Javier, Enrique S. Perez  aManila:bUnlimited Books Library Services and Publishing, cc2017. aviii, 134p.  aIncludes references  e5944 c.1, 5945 c.2, 5946 c.3 aHospitality industry - Marketing  aTourist trade - Marketing  aJavier, Daryl A. eauthor aPerez, Enrique S. eauthor